|
|
|
|
| LEADER |
00000nam a22000007a 4500 |
| 005 |
20201029000359.0 |
| 007 |
cr|||| |||| |
| 008 |
201029s2020 mx |||||s|||| 00||0 spa d |
| 020 |
|
|
|a 978-607-563-069-4
|
| 035 |
|
|
|a 32193
|
| 040 |
|
|
|a vLex
|
| 090 |
|
|
|c 10807
|d 10807
|
| 100 |
1 |
|
|a Gutiřrez Banegas, Miguel ℓngel
|
| 245 |
1 |
0 |
|a ¿Qu ̌haces con tu dinero?
|h [Recurso electrn̤ico] :
|b Mejora tus finanzas personales /
|c Miguel ℓngel Gutiřrez Banegas, Mara̕ del Roco̕ Gonzl̀ez Vz̀quez, Toe Matsumura Cambrn̤, Vc̕tor Joel Vallejo Concha, Daniel Cerecedo Hernǹdez
|
| 256 |
|
|
|a Servicio en ln̕ea
|
| 260 |
|
|
|a Ciudad de Mx̌ico:
|b Instituto Mexicano de Contadores Pb︢licos,
|c 2020
|
| 300 |
|
|
|a 1 recurso electrn̤ico
|
| 500 |
|
|
|a Esta obra de consulta se dirige a personas sin conocimientos financieros y/o que no han utilizado servicios bancarios, as ̕como a las que requieran mejorar sus finanzas personales, por desempeąrse en actividades econm̤icas sin remuneracin̤ fija. Este libro est ̀redactado con un lenguaje accesible para que el lector conozca, comprenda y aplique los conocimientos adquiridos en su vida personal, sin olvidar lo importante que es saber cm̤o plantear un problema financiero y resolverlo de manera satisfactoria.Los temas que comprende son: introduccin̤ a las instituciones financieras mexicanas, finanzas personales, ahorro e inversin̤, crďito, seguros y presupuestacin̤ para quienes deseen conocer sobre la materia financiera. Adems̀, contiene un cuestionario para evaluar los conocimientos y las prc̀ticas financieras del lector, as ̕como recomendaciones para mejorar sus finanzas personales
|
| 506 |
1 |
|
|a Disponible solo en los productos indicados
|d vLex Global
|d vLex Global (Academic Edition, excluding Law Schools)
|d vLex Global (U.S. Academic Edition, Law Schools)
|d vLex Global (U.S. Academic Edition, excluding Law Schools)
|d vLex Global (Academic Edition, Law Schools)
|
| 650 |
0 |
4 |
|a Financiero
|z Mx̌ico
|
| 650 |
0 |
4 |
|a Banca y finanzas
|z Mx̌ico
|
| 700 |
1 |
|
|a Gonzl̀ez Vz̀quez, Mara̕ del Roco̕
|
| 700 |
1 |
|
|a Cambrn̤, Toe Matsumura
|
| 700 |
1 |
|
|a Vallejo Concha, Vc̕tor Joel
|
| 700 |
1 |
|
|a Cerecedo Hernǹdez, Daniel
|
| 740 |
0 |
|
|a vLex Libros (Servicio en ln̕ea)
|
| 856 |
4 |
0 |
|u http://vlex.com/source/-que-haces-con-tu-dinero-mejora-tus-finanzas-personales-32193
|z Acceso restringido
|
| 942 |
|
|
|c BOOK
|
| 999 |
0 |
|
|a Financial
|
| 999 |
0 |
|
|a Banking and finance
|